Open access (Record no. 80865)
[ view plain ]
| 000 -LEADER | |
|---|---|
| fixed length control field | 01346nam a2200337 a 4500 |
| 082 04 - DEWEY DECIMAL CLASSIFICATION NUMBER | |
| Classification number | 070.5/7973 |
| 100 1# - MAIN ENTRY--AUTHOR NAME | |
| Personal name | Suber, Peter. |
| 245 10 - TITLE STATEMENT | |
| Title | Open access |
| 260 ## - PUBLICATION, DISTRIBUTION, ETC. (IMPRINT) | |
| Place of publication | Cambridge, Mass. : |
| Name of publisher | MIT Press, |
| Year of publication | c2012. |
| 300 ## - PHYSICAL DESCRIPTION | |
| Number of Pages | xii, 242 p. |
| 490 1# - SERIES STATEMENT | |
| Series statement | MIT Press essential knowledge |
| 505 0# - FORMATTED CONTENTS NOTE | |
| Formatted contents note | What is open access? -- Motivation -- Varieties -- Policies -- Scope -- Copyright -- Economics -- Casualties -- Future -- Self-help. |
| 650 #0 - SUBJECT ADDED ENTRY--TOPICAL TERM | |
| Topical Term | Open access publishing. |
| 856 40 - ELECTRONIC LOCATION AND ACCESS | |
| Uniform Resource Identifier | http://site.ebrary.com/lib/rucke/Doc?id=10571237 |
No items available.
